Disney Princesses & Princes - Click Quiz - Statistics

General Stats
  • This quiz has been taken 801 times
  • The average score is 8 of 10
Answer Stats
Hint Answer % Correct
Jasmine Aladdin
93%
Mulan Captain Li Shang
92%
Cinderella Prince Charming
89%
Rapunzel Flynn Rider
87%
Pocahontas Captain John Smith
86%
Ariel Prince Eric
86%
Tiana Prince Naveen
79%
Aurora Prince Phillip
75%
Snow White Prince Florian (The Prince)
71%
Belle Adam
69%
No matching quizzes found
Score Distribution
Percent of People with Each Score
Percentile by Number Answered
Your Score History
You have not taken this quiz